El museo de la inocencia / (Record no. 197761)
[ view plain ]
| 000 -LEADER | |
|---|---|
| campo de control de longitud fija | 01461nam a2200397 i 4500 |
| 001 - NÚMERO DE CONTROL | |
| campo de control | 197761 |
| 003 - IDENTIFICADOR DE NÚMERO DE CONTROL | |
| campo de control | ES-MaACL |
| 005 - FECHA Y HORA DE LA ÚLTIMA TRANSACCIÓN | |
| campo de control | 20250910063136.0 |
| 008 - DATOS DE LONGITUD FIJA--INFORMACIÓN GENERAL | |
| campo de control de longitud fija | 121123s2012 sp | |||| 000 f spa |
| 015 ## - NÚMERO DE BIBLIOGRAFÍA NACIONAL | |
| Número de bibliografía nacional | MON12 |
| 017 ## - NÚMERO DE COPYRIGHT O DE DEPÓSITO LEGAL | |
| Número de copyright o de depósito legal | B 20753-2012 |
| Agencia que asigna | Oficina Depósito Legal Barcelona |
| 020 ## - NÚMERO INTERNACIONAL ESTÁNDAR DEL LIBRO | |
| Número Internacional Estándar del Libro | 8425536001154 |
| 035 ## - NÚMERO DE CONTROL DEL SISTEMA | |
| Número de control de sistema | (OCoLC)827776693 |
| 035 ## - NÚMERO DE CONTROL DEL SISTEMA | |
| Número de control de sistema | (SpMaBN)a5287319 |
| 040 ## - FUENTE DE CATALOGACIÓN | |
| Centro catalogador/agencia de origen | SpMaBN |
| Lengua de catalogación | spa |
| Centro/agencia transcriptor | SpMaBN |
| Normas de descripción | rdc |
| 080 ## - NÚMERO DE LA CLASIFICACIÓN DECIMAL UNIVERSAL | |
| Número de la Clasificación Decimal Universal | 821.512.161-31"19" |
| 100 1# - ENTRADA PRINCIPAL--NOMBRE DE PERSONA | |
| Nombre de persona | Pamuk, Orhan, |
| Fechas asociadas al nombre | 1952- |
| 9 (RLIN) | 241391 |
| Término indicativo de función/relación | Autor |
| 240 10 - TÍTULO UNIFORME | |
| Título uniforme | Masumiyet Müzesi |
| Lenguaje de la obra | Español |
| 245 13 - MENCIÓN DEL TÍTULO | |
| Título | El museo de la inocencia / |
| Mención de responsabilidad, etc. | Orhan Pamuk ; traducción de Rafael Carpintero. |
| 260 ## - PUBLICACIÓN, DISTRIBUCIÓN, ETC. | |
| Lugar de publicación, distribución, etc. | Barcelona : |
| Nombre del editor, distribuidor, etc. | Random House Mondadori, |
| Fecha de publicación, distribución, etc. | D.L. 2012. |
| 300 ## - DESCRIPCIÓN FÍSICA | |
| Extensión | 648 páginas : |
| Otras características físicas | ilustrado, plano ; |
| Dimensiones | 19 cm. |
| 336 ## - TIPO DE CONTENIDO | |
| Término de tipo de contenido | Texto (visual) |
| Fuente | isbdcontent |
| 337 ## - TIPO DE MEDIO | |
| Nombre/término del tipo de medio | sin mediación |
| Fuente | isbdmedia |
| 338 ## - TIPO DE SOPORTE | |
| Fuente | rdacarrier |
| Nombre/término del tipo de soporte | volumen |
| 500 ## - NOTA GENERAL | |
| Nota general | Índice |
| 594 ## - NOTA AL TITULO Y MENCION DE RESPONSABILIDAD | |
| Nota al título y mención de responsabilidad | Título original: Masumiyet Müzesi |
| 655 #0 - TERMINO DE INDIZACIÓN--GENERO/FORMA | |
| 9 (RLIN) | 234319 |
| Datos o término principal de género/forma | Novelas |
| 700 1# - ENTRADA AGREGADA--NOMBRE PERSONAL | |
| Nombre de persona | Carpintero Ortega, Rafael, |
| Fechas asociadas al nombre | 1962- |
| 9 (RLIN) | 241392 |
| Término indicativo de función/relación | Traductor |
| 852 ## - LOCALIZACIÓN | |
| Ubicación | ES-MaACL |
| Ubicación en estantería | Depósito J |
| Número de control de estantería | N-10644 |
| Donativo/Legado | Donación: José Lázaro García |
| Encuadernación | Encuadernación rústica |
| itemnumber | 206767 |
| 903 ## - NOMBRE PERSONAL DE DONANTE | |
| 9 | 234219 |
| a | Lázaro García, José |
| e | Donante |
| 942 ## - ELEMENTOS DE ENTRADA SECUNDARIOS (KOHA) | |
| Tipo de ítem Koha | Libro impreso |
| Suprimir en OPAC | No |
| Estatus retirado | Estado de pérdida | Fuente del sistema de clasificación o colocación | Estado de daño | No para préstamo | Biblioteca de origen | Biblioteca actual | Ubicación en estantería | Fecha de adquisición | Fuente de adquisición | Total de préstamos | Signatura topográfica completa | Código de barras | Visto por última vez | Precio de reemplazo | Tipo de ítem Koha |
|---|---|---|---|---|---|---|---|---|---|---|---|---|---|---|---|
| Clasificación decimal universal | Biblioteca del Ateneo de Madrid | Biblioteca del Ateneo de Madrid | Depósito J | 08/09/2025 | Donación | N-10644 | 2025-1143 | 08/09/2025 | 08/09/2025 | Libro impreso |
